000
00205 a2200097 4500
001
27307
100
_a
Bates, M
245
_a
Engineering science
260
_a
_b
George allen
_c
1974
090
_c
18134
_d
18134
942
_a
NUST-CAE
_c
M
_c
9041
999
_c
262380
_d
262380